00532nam a2200205Ia 4500001000900000003000500009005001700014008004100031010001100072040000900083082001400092100002200106245007000128260003900198300001000237400002200247500000900269650002600278650002200304dia_2758CHAP20230310132231.0220117s1984 xx 000 0 und d a173259 cCHAP a664.07 M3 aMackey, Andrea C. aEvaluación Sensorial de los Alimentos /c por Andrea C. Mackey aSan Felipe- Venezuela, CIEPEc1984 a136P. aSERIE MANUALES, 2 aFot. aAlimentosxanálisis aAlimentosxsabor